Experiencias exitosas de desarrollo local / (Registro nro. 4509)

000 -CABECERA
campo de control de longitud fija 00677nam a22001817a 4500
005 - FECHA Y HORA DE LA ÚLTIMA TRANSACCIÓN
campo de control 20260413193631.0
008 - DATOS DE LONGITUD FIJA--INFORMACIÓN GENERAL
campo de control de longitud fija 260413b ||||fr|||| 00| 0 eng d
020 ## - NÚMERO INTERNACIONAL ESTÁNDAR DEL LIBRO
ISBN 9972-622-12-6
040 ## - FUENTE DE LA CATALOGACIÓN
Centro catalogador/agencia de origen CENDOC CAAAP
Lengua de catalogación spa
Centro/agencia transcriptor CAAAP
041 ## - CÓDIGO DE LENGUA
Código de lengua del texto/banda sonora o título independiente spa
050 ## - SIGNATURA TOPOGRÁFICA DE LA BIBLIOTECA DEL CONGRESO
Número de clasificación JS 2675
Número de documento/Ítem .E83
245 1# - MENCIÓN DE TÍTULO
Título Experiencias exitosas de desarrollo local /
Subtitulo ESAN-USAID Proyecto de Desarrollo ge Gobiernos Locales
250 ## - MENCIÓN DE EDICIÓN
Mención de edición 1ra edición
260 ## - PUBLICACIÓN, DISTRIBUCIÓN, ETC.
Lugar de publicación, distribución, etc. Lima, Perú :
Nombre del editor, distribuidor, etc. ESAN-USAID Proyecto de Desarrollo ge Gobiernos Locales,
Fecha de publicación, distribución, etc. 1999.
300 ## - DESCRIPCIÓN FÍSICA
Extensión 151 páginas :
Otras características físicas fotografias,
Dimensiones 20 x 15 cm
650 #0 - PUNTO DE ACCESO ADICIONAL DE MATERIA--TÉRMINO DE MATERIA
9 (RLIN) 1678
Término de materia o nombre geográfico como elemento de entrada Gobierno Local
Subdivisión de forma Concertación social
Subdivisión general Participación regional
Subdivisión geográfica Perú
942 ## - ELEMENTOS PERSONALIZADOS KOHA
Fuente del sistema de clasificación o colocación
Fecha de catalogación DD - MM - AA
Existencias
Fuente del sistema de clasificación o colocación Localización permanente Ubicación/localización actual Fecha de adquisición Total de préstamos Signatura LC Fecha visto por última vez
  CENTRO DE DOCUMENTACIÓN (CENDOC) CENTRO DE DOCUMENTACIÓN (CENDOC) 04/13/2026   JS 2675 .E83 04/13/2026
Centro de Documentación CAAAP | AV. Manuel González Prada 626, Magdalena del Mar | (51-1) 4615223 Anexo 205 y 209 | cendoc@caaap.org.pe